Loreto College Library, Kolkata
WEBOPAC (ONLINE PUBLIC ACCESS CATALOGUE)

The Elizabethans (Record no. 8498)

MARC details
000 -LEADER
fixed length control field 00618nam a2200217Ia 4500
005 - DATE AND TIME OF LATEST TRANSACTION
control field 20230629103711.0
008 - FIXED-LENGTH DATA ELEMENTS--GENERAL INFORMATION
fixed length control field 131103s9999 xx 000 0 und d
040 ## - CATALOGING SOURCE
Original cataloging agency Loreto College
041 ## - LANGUAGE CODE
Language code English
082 ## - DDC | ডিউই
Classification number | বর্গসংখ্যা 942.055
Book Number | গ্রন্থাঙ্ক NIC
100 ## - MAIN ENTRY--PERSONAL NAME | মুখ্য সংলেখ - ব্যাক্তিনাম
Personal name | ব্যাক্তিনাম Nicoll,Allardyce
245 #4 - TITLE STATEMENT | অাখ্যা বিবরণী
Title | অাখ্যা The Elizabethans
Statement of responsibility | লেখকের দায়িত্বের বিবরণ introduced by Allardyce Nicoll
260 ## - IMPRINT | প্রকাশনা ক্ষেত্র
Place of publication | প্রকাশ স্থান Cambridge
Name of publisher | প্রকাশকের নাম University Press
Date of publication | প্রকাশ কাল 1957
300 ## - PHYSICAL DESCRIPTION |
Page / Vol. No | পৃষ্ঠা / খন্ড সংখ্যা viii,174 p.
Other physical details | অনান্য বাহ্যিক বিবরণ 421ill.
504 ## - BIBLIOGRAPHY, ETC. NOTE
Bibliography, etc Includes bibliographical references
650 ## - SUBJECT ADDED ENTRY--TOPICAL TERM | বিষয় শিরোনাম - মূল বিষয়
Topical term | মূল বিষয় Elizabeth,1558 - 1603
651 ## - SUBJECT ADDED ENTRY--GEOGRAPHIC NAME | বিষয় শিরোনাম - ভৌগলিক নাম
Geographic name | ভৌগলিক বিষয় England - History,1558 - 1603
700 ## - ADDED ENTRY--PERSONAL NAME | অতিরিক্ত সংলেখ - ব্
Personal name | ব্যাক্তিনাম Nicoll,Alardyce
850 ## - HOLDING INSTITUTION
Holding institution LCLIB
942 ## - ADDED ENTRY ELEMENTS (KOHA)
Koha item type Books
Holdings
Withdrawn status Lost status Source of classification Damaged status Not for loan Home library Current library Date acquired Total Checkouts Full call number Accession No. Date last seen Price effective from Koha item type Coded location qualifier
    Dewey Decimal Classification     Loreto College Loreto College 04/11/2013   942.055 NIC B8373 04/11/2013 04/11/2013 Books